000 00672nam a2200205Ia 4500
005 20241129111012.0
008 241129s9999||||xx |||||||||||||| ||und||
037 _aTB
040 _aCRL
_bpun
_cCRL
041 _apun
_2pun
084 _aO153,6(w,1) R1
_qCRL
100 _aਉੱਪਲ, ਦਲੀਪ ਸਿੰਘ, ਚ।
245 0 _aਹਿੰਮਤ ਦੇ ਹਾਸਲ
_cਉੱਪਲ, ਦਲੀਪ ਸਿੰਘ, ਚ।
260 _aਪਟਿਆਲਾ, ਭਾਰਤ
_bਸੰਗਮ ਪਬਲਿਸਰਜ਼
_c2021
300 _a235ਪ੍ਰ0
365 _aINR
_b295
650 _aPunjabi Prose
942 _cTB
_hO153,6(w,1) R1
999 _c1228485
_d1228485